Lengua y Literatura 8º Básico: texto del estudiante

Saved in:
Bibliographic Details
Main Authors: Aravena Osorio, Pía (Author), Berríos Muñoz, Andrea (Author), Peralta Valdés, David (Author)
Format: Book
Language:Spanish
Published: Santiago Ediciones SM Chile S. A 2016
Edition:1a. ed
Subjects:
Tags: Add Tag
No Tags, Be the first to tag this record!

MARC

LEADER 00000cam a2200000 a 4500
001 UCD9794
003 CL-VaPUC
008 170709e20160000cl |||||||||||||||||spa|d
020 |a 9789563499476 
082 0 4 |a 372.6  |b ARA  |2 21 
100 0 |a Aravena Osorio, Pía  |e author  |9 593505 
700 0 |a Berríos Muñoz, Andrea  |e author  |9 593506 
700 0 |a Peralta Valdés, David  |e author  |9 593507 
245 1 0 |a Lengua y Literatura 8º Básico: texto del estudiante 
250 |a 1a. ed 
300 |a 383 p 
942 |c BK 
945 |d 20170709 17:01:00  |a dcastane 
260 |a Santiago  |b Ediciones SM Chile S. A  |c 2016 
650 0 |a Educación lingüística  |9 306506 
650 0 |a Educación básica   |9 224933 
650 0 |a Libros de texto  |9 270019 
650 7 |a LENGUA Y LITERATURA  |2 CL-VaPUC  |9 537246 
583 |a last modification  |c 20170709 17:01:00  |k Rodrigo Vera 
999 |c 368813  |d 368811 
952 |0 0  |1 0  |3 erb  |4 0  |6 372_600000000000000_ARA_2016  |7 0  |8 A  |9 484255  |a BIBEDU  |b BIBEDU  |i 5405262  |l 1  |o 372.6 ARA 2016  |p 5405262  |r 2024-10-09  |s 2024-08-29  |w 2019-11-24  |y BK  |z Catalogado en:20170709  |k EPE